| 000 | 01265nam a2200229 i 4500 | ||
|---|---|---|---|
| 001 | 000546277 | ||
| 003 | AM-YeHGA | ||
| 005 | 20250617135756.0 | ||
| 008 | 070723s1988 ||| r 000 0 rus d | ||
| 040 | _aAM-YeHGA | ||
| 041 | 0 | _arus | |
| 245 | 0 | 0 |
_aКультурные ценности: прошлое и современность : _bМатериалы советских ученых к XVIII Всемирному философскому конгрессу "Философское понимание человека", (Великобритания, Брайтон, 21-27 авг. 1988 г.) / _cОтв. ред., авт. предисл. И.К. Кучмаева. |
| 260 |
_aМосква : _bБ. и., _c1988. |
||
| 300 | _a144 с. | ||
| 550 | _aАН СССР, Ин-т философии, Филос. о-во СССР | ||
| 653 | 0 | _aКультурное наследие - Сборники | |
| 653 | 0 | _aКультура - Философские проблемы - Сборники | |
| 653 | 0 | _aЦенности (филос.) - Сборники | |
| 700 | 1 |
_aКучмаева, Изольда Константиновна _eред. _4edt |
|
| 711 | 2 |
_aВсемирный философский конгр. _n(18; _d1988; _cБрайтон) |
|
| 090 | _c208463 | ||
| 999 |
_c206959 _d206959 |
||